Регионална библиотека "Любен Каравелов" - Русе

Да повярваш на лисица (Запис номер 46089)

MARC детайли
000 -Лидер
Контролно поле с фиксирана дължина 01162nam a2200313 c 4500
003 - Код на организацията, давaща контролен номер
Контролно поле BLK
005 - Дата и час на последна редакция
Контролно поле 20250617120525.0
008 - Елементи от данни с фиксирана дължина
fixed length control field 180408b bul|||||r ||||||| ||bul||
010 ## - Наследен системен номер
LC control number KNG00049892000
040 ## - Източник на каталожния запис
Идентификатор на билиотеката - собственик на записа BLK
041 ## - Код за език
Код за езика на текст/звукозапис или на отделно заглавие Български
Код за езика КДБФ Български
080 ## - УДК
Текстов определител УДК Английска литература
УДК код - определител по УДК 821.111
УДК определител -31
УДК - код + определител 821.111-31
100 1# - Редна дума - Автор
Автор Чейс, Джеймс Хадли
Авторска отговорност първи автор
R(LIN) 241644
139 ## - Редно поле
Редна дума Чейс, Джеймс Хадли
Авторски знак Че - Ч 49
245 10 - Сведения за заглавието
Заглавие Да повярваш на лисица
Подзаглавни данни Роман
Редно поле (дума) Джеймс Хадли Чейс; прев. от англ. Ралица Милева.
257 ## - Страна на издаване
Страна на създаване/издаване Съединени американски щати
260 ## - Област на издателските данни
-- София
Име на издателя, разпространителя и проч. Пионер-Ананда
Година на издаване 1992
Печатница Враца : Полипринт
300 ## - Физическа характеристика
Страници 228 с.
Размери/Мащаб 17 см
380 ## - Жанр
Жанр Худож. лит.
500 ## - Общи забележки
Забележка Ориг. загл. Trusted Like the Fox. - 30 000 тир.
653 ## - Ключова дума – ненормативна
Ключова дума крими
700 1# - Други автори (авторска отговорност)
Лично име Милева, Ралица
Автороска отговорност (Описва отношението между автора и произведението) прев. от англ.
9 (RLIN) 253097
852 ## - Местоположение
Форматна сигнатура Цб І 25527
856 4# - Електронен адрес и достъп
Електронен формат pdf - файл
Път до файла /url/
856 4# - Електронен адрес и достъп
Електронен формат pdf - файл
Път до файла /url/
942 ## - АРТИКУЛИ
Вид на библиотечния материал Книги
Скрит в OPAC Не
Koha issues (borrowed), all copies 7
944 ## - СЪЗДАВАНЕ И РЕДАКЦИЯ на ЗАПИСА
Създаване/Редакция Създаване
Дата на регистрацията/редакция 10.05.2005
Служител, извършил регистрацията/редакцията 30530
Статус, дата на статуса Минев Младен
944 ## - СЪЗДАВАНЕ И РЕДАКЦИЯ на ЗАПИСА
Създаване/Редакция Редакция
Дата на регистрацията/редакция 09.01.2007
Служител, извършил регистрацията/редакцията
999 ## - СИСТЕМНИ КОНТРОЛНИ НОМЕРА
Koha biblionumber 46089
Koha biblioitemnumber 46089
Наличности
Код за отписване Код за изгубен артикул Код за повреда Коз за рестрикции Код за отдаване Артикулен № Име на библиотеката - собственик Име на библиотеката, в която се намира в момента Статус (Текущо местоположение) Дата на вписване в системата Местоположение - отдел Цена в лева Инвентарен номер Систематично азбучна сигнатура Баркод Номер на екземпляра Цена в евро Служебна бележка Служебен тип на артикула Бележка за публиката Източник на класификационната схема
Изтеглен Не е изгубен Не е повреден без рестрикции заемане за дома 72737 Регионална библиотека "Любен Каравелов" Русе Регионална библиотека "Любен Каравелов" Русе   2005-05-10 Заемна - подръчен фонд 1.50 120000694007 П 820-31/Ч 49 120000694007 1 0.77 Дост: Pk Вид: Ф N: 17 Дата: 05.05.2005 Книги Отч.N: 20/2018 , Дата: 26.03.2018  
  Не е изгубен Не е повреден без рестрикции ползва се в читалня 72738 Регионална библиотека "Любен Каравелов" Русе Регионална библиотека "Любен Каравелов" Русе Хранилище 1992-01-01 Хранилище 12.96 567232 Цб І 25527 120000567232 2 6.63 Дост: Dp Вид: Д N: стар фонд Дата: 01.01.1992 Книги   Universal Decimal Classification
Изтеглен Не е изгубен Не е повреден без рестрикции заемане за дома 72739 Регионална библиотека "Любен Каравелов" Русе Регионална библиотека "Любен Каравелов" Русе Заемна - подръчен фонд 1992-01-01 Заемна - подръчен фонд 12.96 565906 П 820-31/Ч 49 565906 3 6.63 Дост: Pk Вид: Ф N: стар фонд Дата: 01.01.1992 Книги   Universal Decimal Classification
Изтеглен Не е изгубен Не е повреден без рестрикции заемане за дома 72740 Регионална библиотека "Любен Каравелов" Русе Регионална библиотека "Любен Каравелов" Русе Заемна - подръчен фонд 1992-01-01 Заемна - подръчен фонд 12.96 565909 П 820-31/Ч 49 565909 4 6.63 Дост: Pk Вид: Ф N: стар фонд Дата: 01.01.1992 Книги   Universal Decimal Classification
Изтеглен Не е изгубен Не е повреден без рестрикции заемане за дома 72741 Регионална библиотека "Любен Каравелов" Русе Регионална библиотека "Любен Каравелов" Русе Заемна - подръчен фонд 1992-01-01 Заемна - подръчен фонд 12.96 565911 П 820-31/Ч 49 565911 5 6.63 Дост: Pk Вид: Ф N: стар фонд Дата: 01.01.1992 Книги   Universal Decimal Classification
Изтеглен Не е изгубен Не е повреден без рестрикции заемане за дома 72742 Регионална библиотека "Любен Каравелов" Русе Регионална библиотека "Любен Каравелов" Русе Заемна - подръчен фонд 1992-01-01 Заемна - подръчен фонд 12.96 565914 П 820-31/Ч 49 565914 6 6.63 Дост: Pk Вид: Ф N: стар фонд Дата: 01.01.1992 Книги   Universal Decimal Classification
  Не е изгубен Не е повреден без рестрикции заемане за дома 72743 Регионална библиотека "Любен Каравелов" Русе Регионална библиотека "Любен Каравелов" Русе Заемна - подръчен фонд 2007-01-09 Заемна - подръчен фонд 1.50 120000708355 П 820-31/Ч 49 120000708355 7 0.77 Дост: DA Вид: А N: 1 Дата: 05.01.2007 Дата инв: 14.02.2018 Бележки инв: П2018 Книги    
Vip Innovations Ltd, Rousse, Bulgaria 2025